|
|
|
|
| LEADER |
00000nab a2200000 a 4500 |
| 001 |
vtls000694740 |
| 003 |
SK-MaSNL |
| 005 |
20260304223324.0 |
| 008 |
180206c xo 0 slo |
| 015 |
|
|
|a SNBRB1999/06-14652
|
| 035 |
|
|
|a CLN000046907
|
| 040 |
|
|
|a SNKBUCL
|b slo
|c SNKBUCL
|e AACR2
|
| 041 |
0 |
|
|a slo
|
| 044 |
|
|
|a xo
|c SK
|
| 080 |
|
|
|a 061.25(437.6)
|2 UDC-MRF-SK2
|
| 100 |
0 |
|
|a I.K.
|4 aut
|9 851486
|
| 245 |
1 |
0 |
|a Z činnosti MO MS a DMS v Banskej Bystrici
|c [autor] I.K.
|
| 610 |
2 |
7 |
|a Matica slovenská.
|b Dom Matice slovenskej Banská Bystrica
|2 snkbucl
|9 208697
|
| 651 |
|
7 |
|a Banská Bystrica (Slovensko)
|2 snkbucl
|9 22015
|
| 655 |
|
7 |
|a články z novín a časopisov
|2 snkbucl
|9 267496
|
| 773 |
0 |
|
|x 0862-8823
|t Slovenské národné noviny
|g Roč. 10 (14), č. 23 (1999), s. 10 a 11
|
| 850 |
|
|
|a Slovenská národná knižnica v Martine
|
| 852 |
|
|
|a SNK
|b KIS3GCP
|
| 958 |
|
|
|a RBX
|
| 999 |
|
|
|c 3167331
|d 3169261
|